LEADER 00711nam0-22002651i-450- 001 990004904660403321 005 19990530 035 $a000490466 035 $aFED01000490466 035 $a(Aleph)000490466FED01 035 $a000490466 100 $a19990530g19659999km-y0itay50------ba 101 0 $aita 105 $ay-------001yy 200 1 $aCollected Poems$fEdith Sitwell 210 $aLondon$cMacMillan & Co.$d1965. 215 $aXLVI, 444 p.$d22 cm 700 1$aSitwell,$bEdith$f<1887-1964>$0196513 801 0$aIT$bUNINA$gRICA$2UNIMARC 901 $aBK 912 $a990004904660403321 952 $aR 50 1$bFil. Mod. 12214$fFLFBC 959 $aFLFBC 996 $aCollected Poems$9524705 997 $aUNINA